| 000 -ლიდერი |
| ფიქსირებული სიგრძის საკონტროლო ველი |
01205nam a22002177a 4500 |
| 003 - საკონტროლო ნომრის იდენტიფიკატორი |
| საკონტროლო ველი |
Ge_BSU |
| 005 - ბოლო ოპერაციის თარიღი და დრო |
| საკონტროლო ველი |
20230330104702.0 |
| 008 - ფიქსირებული სიგრძის მონაცემთა ელემენტები - ზოგადი ინფორმაცია |
| ფიქსირებული სიგრძის საკონტროლო ველი |
230330s2018 ge ||||| |||| 00| 0 geo d |
| 020 ## - წიგნის საერთაშორისო სტანდარტული ნომერი |
| International Standard Book Number |
9789941273926 |
| 041 ## - ენის კოდი |
| Language code of text/sound track or separate title |
geo |
| 080 ## - უნივერსალური ათობითი კლასიფიკაციის ინდექსი |
| Universal Decimal Classification number |
94(47+57)"1941-1945"(092)(479.22) ა-14 |
| 100 ## - მთავარი ჩანაწერი - პიროვნების სახელი |
| Personal name |
აბაშიძე, შალვა |
| 9 (RLIN) |
13018 |
| 245 ## - ცნობა სათაურის შესახებ |
| Title |
ომისა და შრომის გმირები აჭარიდან : |
| Remainder of title |
[კრებული] / |
| Statement of responsibility, etc |
შალვა აბაშიძე ; რედაქტორი რეზო მსხილაძე. |
| 264 ## - წარმოების, გამოცემის, დისტრიბუციის და სხვა ცნობები |
| გამოცემის, წარმოების, დისტრიბუციის... ადგილი |
ბათუმი, |
| გამოცემის, წარმოების, დისტრიბუციის... თარიღი |
2018. |
| 300 ## - ფიზიკური აღწერა |
| Extent |
196 გვ. : |
| Other physical details |
ფოტ. ; |
| Dimensions |
20 სმ. |
| 504 ## - BIBLIOGRAPHY, ETC. NOTE |
| Bibliography, etc |
ბიბლიოგრაფია ტექსტის შენიშვნებში და გვ. 192-193. |
| 653 ## - INDEX TERM--UNCONTROLLED |
| Uncontrolled term |
დიდი სამამული ომის ქართველი გმირები |
| 653 ## - INDEX TERM--UNCONTROLLED |
| Uncontrolled term |
შრომის ქართველი გმირები. გამოჩენილ ქართველთა ბიოგრაფიები |
| 700 ## - ADDED ENTRY--PERSONAL NAME |
| Personal name |
მსხილაძე, რეზო |
| Relator term |
რედაქტორი |
| 9 (RLIN) |
17366 |
| 942 ## - ADDED ENTRY ELEMENTS (KOHA) |
| Source of classification or shelving scheme |
|
| Koha item type |
წიგნი |